000 00629nam a2200229Ia 4500
003 OSt
005 20230315155218.0
008 210423s2016 xx 000 0 und d
020 _a978-0-13-347969-0
040 _cAL
041 _aeng
082 _a333.7
_223
_bTIEE
100 _aTIETENBERG (Tom);LEWIS (Lynne)
_975550
245 _aEnvironmental and natural resource economics Ed 10
250 _a10
260 _aLondon
_bRoutledge
_c2016
300 _axxvi,606
_bHB
365 _b3980.05
_cGBP
650 _aLand Economics
_975551
906 _a10 ; economics ; Environmental ; natural ; resource
942 _2ddc
_cBK
999 _c168517
_d168517